[Event "Gashimov Memorial-A 1st"]
[Site "Shamkir"]
[Date "2014.04.22"]
[Round "3"]
[White "Karjakin, Sergey"]
[Black "Carlsen, Magnus"]
[Result "1/2-1/2"]
[WhiteElo "2772"]
[BlackElo "2881"]
[Annotator "Krasenkow,Michal"]
[PlyCount "125"]
[EventDate "2014.04.20"]
[EventType "tourn"]
[EventRounds "10"]
[EventCountry "AZE"]
[EventCategory "22"]
[SourceTitle "CBM 160"]
[Source "ChessBase"]
[SourceDate "2014.05.15"]
[SourceVersion "1"]
[SourceVersionDate "2014.05.15"]
[SourceQuality "1"]

1. d4 Nf6 2. c4 e6 3. Nc3 Bb4 4. f3 O-O 5. a3 Bxc3+ 6. bxc3 Nh5 7. Nh3 f5 {An aggressive continuation. Instead of trying to equalise, Black wants to obtain a double-edged position.} 8. e3 (8. Bg5 {is the main alternative - see Khairullin-Adams with annotations by GM A.Mikhalchishin in CBM 136.}) 8... d6 (8... Nc6 9. Bd3 d6 {is hardly good as White pushes c4-c5 at an appropriate moment:} 10. O-O (10. g3 $6 e5 11. Nf2 Qe8 12. O-O Na5 13. Qe2 b6 14. Rb1 Ba6 15. c5 Bxd3 16. Nxd3 Nf6 17. dxe5 dxe5 18. f4 exf4 19. Qa2+ Kh8 20. exf4 Rd8 $17 {1/2 (39) Abergel,T (2499)-Adams,M (2735) Liverpool 2008}) 10... Qe8 11. a4 e5 $6 (11... b6 $5) 12. c5 $1 dxc5 13. Ba3 b6 14. dxc5 Rf6 15. f4 e4 16. Be2 g6 17. c4 Ng7 18. Bb2 Rf7 19. cxb6 cxb6 20. c5 $16 {1-0 (30) Golizadeh,A (2472)-Bacallao Alonso,Y (2583) Istanbul 2012}) (8... c5 $5 9. Bd3 Nc6 10. O-O Nf6 11. d5 $6 Ne5 12. e4 fxe4 13. fxe4 d6 14. Ng5 h6 15. Nf3 Nxd3 16. Qxd3 Qe8 17. Ra2 exd5 18. exd5 Qe4 $15 {1/2 (33) Abdalla,L (2322)-Leitao,R (2620) Sao Paulo 2011}) 9. Be2 (9. f4 Nf6 10. Bd3 e5 11. O-O e4 12. Be2 Kh8 13. Nf2 Nc6 14. h3 b6 15. g4 Na5 $132 {0-1 (27) Swapnil,S (2336)-Komarov,D (2540) Calicut 2007}) (9. Nf2 {is too passive:} Nc6 $5 (9... e5 {(a bit too early)} 10. Bd3 $1 {- 9.Bd3} (10. f4 Nf6 11. fxe5 dxe5 12. c5 Nc6 13. Bc4+ Kh8 14. O-O b6 15. Bb5 Bb7 16. Rb1 Ne7 17. Be2 Ne4 $15 {1/2 (54) Volkov,S (2622)-Izoria,Z (2606) Saint Vincent 2005}) (10. Be2 Qe7 11. c5 Nc6 12. cxd6 cxd6 13. a4 {1/2 (13) Mensch,E (2336)-Nikolaidis,I (2525) Nancy 2006})) 10. a4 (10. Bd3 e5 11. O-O Qh4 12. Qe1 Bd7 13. g3 Qe7 14. Qd1 Rae8 15. Ra2 Nf6 16. f4 e4 17. Be2 Qf7 18. a4 Na5 $15 {1/2 (31) Cebalo,M (2505)-Komarov,D (2530) Bratto 2006}) 10... b6 11. Bd3 Na5 12. O-O Ba6 13. Qe2 Qh4 14. Bd2 Rae8 15. e4 e5 16. c5 Bxd3 17. Qxd3 fxe4 18. fxe4 dxc5 19. dxc5 Rd8 20. Qe2 Nb3 21. Qc4+ Kh8 22. Qxb3 Rxd2 {0-1 (57) Kozakov,M (2457)-Fedorchuk,S (2633) France 2009} 23. Ra2 $15) (9. Bd3 Qh4+ (9... e5 10. Nf2 (10. O-O Nc6 11. f4 Qe8 12. fxe5 dxe5 13. Ra2 e4 14. Be2 Nf6 15. a4 Kh8 16. a5 Rg8 17. Nf4 Ne7 18. Qb3 c6 19. Qb4 $14 {0-1 (40) Geller,E-Pogats,J Szczawno Zdroj 1950}) 10... Qe8 11. O-O Nf6 12. Qc2 Qh5 13. c5 Nc6 14. Bb5 Nd8 15. cxd6 cxd6 16. a4 $36 {1-0 (73) Koberl,F-Pogats,J Budapest 1951}) (9... c5 $5) 10. Nf2 Nc6 11. Qc2 (11. Ra2 e5 12. g3 Qe7 13. d5 Nd8 14. g4 e4 $132 {0-1 (42) Sagalchik,G-Dautov,R (2515) Minsk 1988}) 11... e5 12. g3 Qe7 13. O-O Bd7 14. Bd2 Kh8 15. Kg2 Rae8 16. Rae1 Qd8 $11 {0-1 (56) Wiersma,E (2419)-Swinkels,R (2459) Netherlands 2009}) ({RR} 9. Bd3 e5 10. O-O Nc6 11. Nf2 Qe8 12. Bb2 Na5 13. e4 f4 14. c5 dxc5 15. d5 c4 16. Bc2 Bd7 17. a4 b6 18. Ba3 Rf6 19. Bb4 Nb7 20. a5 Rh6 21. Qe2 b5 22. a6 Nd6 23. Bc5 Qg6 {Fernandez,M (2091)-Kleiman,J (2399) chess.com INT 2024 0-1 (41)}) 9... c5 $1 $146 {[%mdl 40] A good plan. Black fixes the c4-pawn, therefore eliminating the c4-c5 idea altogether.} (9... Nc6 {deserves more attention here than with d3:} 10. O-O Qe8 $5 (10... e5 11. c5 $5) 11. Nf2 b6 12. g4 $6 fxg4 13. fxg4 Nf6 14. Qc2 Bb7 15. g5 Nd7 16. e4 e5 $132 {1-0 (34) Posedaru,B (2318)-Soltanici,R (2373) Bucharest 2011}) 10. O-O Nc6 11. g4 $146 {Here, too, this advance is bad.} (11. f4 Nf6 12. Bf3 Na5 {[%csl Rc4]}) (11. d5 Na5 {[%cal Ye6e5]}) (11. e4 fxe4 12. fxe4 Rxf1+ 13. Bxf1 Nf6 14. Nf2 e5 $11) (11. Nf2 $5 {[%cal Ye3e4] was probably the most flexible keeping both ideas: e3-e4 and f3-f4.}) ({RR} 11. Rb1 Na5 12. Qc2 b6 13. Qa2 Qe8 14. Nf2 Ba6 15. a4 g5 16. g4 Nf6 17. h3 h6 18. e4 f4 19. Bd3 Nd7 20. Ba3 e5 21. d5 Rc8 22. Kg2 Nf6 23. Bc1 h5 24. Rh1 Rc7 25. Bd2 Rh7 {Andries,A (1482)-Liavonava,Y (1623) Mamaia 2022 0-1 (37)}) ({RR} 11. Rb1 Na5 12. Qc2 b6 13. Qa2 Qe8 14. Nf2 Ba6 15. a4 g5 16. g4 Nf6 17. h3 h6 18. e4 f4 19. Bd3 Nd7 20. Ba3 e5 21. d5 Rc8 22. Kg2 Nf6 23. Bc1 h5 24. Rh1 Rc7 25. Bd2 Rh7 {Andries,A (1482)-Liavonava,Y (1623) Mamaia 2022 0-1 (37)}) 11... fxg4 (11... Qh4 $1 {, recommended by GM E.Gleizerov, was very strong:} 12. Nf4 (12. gxh5 Qxh3 13. f4 b6 14. Bf3 Bb7 $17 {[%csl Rc1,Rc4,Rh5]} 15. dxc5 dxc5 16. Qd7 Rf7 $1 17. Qxe6 Nd8 18. Qe8+ Rf8 $19) (12. Kg2 fxg4 13. fxg4 Rxf1 14. Qxf1 Nf6 15. Qf2 Qh6 $17) 12... Nxf4 13. exf4 Na5 $17 {[%cal Yb7b6]} (13... cxd4 $143 14. cxd4 e5 15. Be3 $1 exd4 16. Bxd4 Nxd4 17. Qxd4 fxg4 18. fxg4 Bxg4 19. f5 h5 20. Rf4 {, and White should survive})) {However, after the simple text move Black keeps an advantage, too.} 12. fxg4 Nf6 13. Nf2 h6 14. e4 {This move weakens White's position but it is very difficult for him to find a good plan anyway.} e5 15. d5 Ne7 (15... Na5 $5 {pressurising the c4 pawn.}) 16. g5 hxg5 17. Bxg5 Qe8 18. Qd3 Qg6 19. Qg3 Bd7 20. Kh1 Rf7 (20... Nxe4 $2 21. Nxe4 Qxe4+ 22. Bf3 {[%cal Rg5e7]} Rxf3 $8) 21. Qh4 Raf8 22. Rae1 Qh7 23. Qxh7+ Nxh7 $17 {In this ending Black's knights are stronger than White's bishops.} 24. Be3 Ng6 25. Nd3 Rxf1+ 26. Rxf1 Rxf1+ (26... Nf6 $5 27. Nf2 Nf4 {is quite good but the minor piece ending is also difficult for White.}) 27. Bxf1 {[%mdl 4096]} Nf6 28. Nf2 Nf4 29. h4 (29. Bxf4 exf4 30. e5 dxe5 31. Nd3 Ng4 $1 32. h3 (32. Nxc5 Bf5) 32... e4 $1 33. Nxf4 (33. Nxc5 Nf6 {[%csl Ge4,Gf4]}) 33... Ne3 {[%cal Re3d1]} 34. Be2 g5 $17) 29... Ng6 (29... Ng4 30. Nxg4 Bxg4 {[%cal Rg4f3,Yg4d1] was very strong, probably enough for a win.}) 30. Bg5 Nh7 31. Bd8 Kf7 32. Kh2 Nf6 (32... Ke8 33. Bg5) 33. Kg3 Nf4 34. Kf3 Ba4 35. Nh3 Bd1+ 36. Ke3 Ng6 (36... Ng4+ 37. Kd2 Nh2 {is probably insufficient for a victory due to} 38. Nxf4 Nxf1+ 39. Kxd1 exf4 40. Ke2 Ne3 41. Bg5 Nxc4 42. Bxf4 b5 (42... g6 43. Kd3 b5 44. a4) 43. h5 {[%csl Rg7]}) 37. Ng5+ Ke8 38. Ne6 Nxh4 39. Bc7 Kd7 40. Bb8 {White has created some counterplay.} Bg4 (40... a6 $5 41. Nxg7 Bc2 $5 42. Bh3+ Ke7 43. Nf5+ (43. Bc8 b5 44. Bxa6 bxc4 45. Bxc4 Bxe4 46. Kf2 $1 Ng4+ 47. Kg3 Ne3 $17) 43... Nxf5+ 44. Bxf5 Bb3 {keeping winning chances}) 41. Nxg7 a6 42. Bd3 (42. a4 a5 43. Ne6 Ne8 {[%csl Ra4]}) 42... Ng2+ 43. Kd2 Ke7 (43... b5 $5 44. cxb5 axb5 45. Bc2 (45. Bxb5+ $2 Kc8 46. Bxd6 Nxe4+) (45. Ne6 $5 c4 46. Bc2) 45... c4 46. Ne6 Bxe6 47. dxe6+ Kxe6 48. Ba7 Nf4 $17) 44. a4 Kf7 45. Bxd6 (45. Nf5 Bxf5 46. exf5 Ke7 {is very unpleasant for White but the piece sacrifice is hardly sufficient either.}) 45... Kxg7 46. Bxe5 Nh4 $2 ({Black could have stopped White's pawns by means of} 46... Bf3 $1 {[%cal Rg7f7]} 47. d6 Bg4 $1 {(recommended by E.Gleizerov)} (47... Kf7 $2 48. Bxf6 Kxf6 49. e5+ Ke6 50. Bf5+ Kf7 51. Bg6+ $1 $11) {e.g.} 48. Bg3 Nh5 49. Bf2 Nhf4 50. Bxc5 Nxd3 51. Kxd3 Kf6 {, and he should win in a long term.}) 47. Bg3 Ng6 (47... Nf3+ 48. Ke3 Nd7 49. Be2 Nfe5 50. Bxe5+ Nxe5 51. Kf4 $1 Bxe2 52. Kxe5 Bxc4 53. a5 {(E.Gleizerov), and White is not worse.}) 48. e5 {White's connected passed pawns guarantee him a draw.} Nd7 (48... Nh5 49. Bh2 Nh4 50. Ke3 Nf3 51. Bf4) 49. e6 Nde5 50. Bxg6 Nxg6 51. Bd6 Kf6 52. Bxc5 Ke5 53. Ke3 Bd1 54. Bb6 Bxa4 55. Bc7+ Kf6 56. Kd4 Ke7 57. c5 Nh4 58. c4 Nf3+ 59. Kc3 Ng5 60. Kb4 Bd1 61. Bg3 Nxe6 62. dxe6 Bf3 63. Bh4+ 1/2-1/2

[Event "Gashimov Memorial-A 1st"]
[Site "Shamkir"]
[Date "2014.04.24"]
[Round "5"]
[White "Carlsen, Magnus"]
[Black "Radjabov, Teimour"]
[Result "0-1"]
[WhiteElo "2881"]
[BlackElo "2713"]
[Annotator "Radjabov,Teimour"]
[PlyCount "102"]
[EventDate "2014.04.20"]
[EventType "tourn"]
[EventRounds "10"]
[EventCountry "AZE"]
[EventCategory "22"]
[SourceTitle "CBM 160"]
[Source "ChessBase"]
[SourceDate "2014.05.15"]
[SourceVersion "1"]
[SourceVersionDate "2014.05.15"]
[SourceQuality "1"]

{5th round of the Shamkir Chess 2014, Vugar Gashimov's memorial. We were in different tournament situations, I was on 50 percent, Magnus was at +1 after he lost to Caruana before this game with Black. Certainly an interesting fight was ahead! It's always interesting to play against the World Champion and I have enjoyed this fight.} 1. d4 Nf6 2. c4 g6 3. Nc3 Bg7 4. e4 d6 {King's Indian Defence. No comments.} 5. Nge2 O-O 6. Ng3 {There are so many moves and plans in the opening phase, but annotating the game and working on chess ECO is quite different. I will not get far in theoretical debris but will show few most recent examples here:} e5 (6... h5 7. Be2 a6 (7... Nbd7 8. Be3 e5 9. d5 a5 10. a3 Nc5 11. h4 Ng4 {which is a bit similiar to our game in Nabaty-Smirin Skopje 2013, which ended in a draw.}) 8. O-O c5 9. d5 e5 {with a real mix of all the possible plans in Bologan-Mamedov, 2014 Euro Cup Rhodes, ended in a draw.}) 7. d5 a5 8. Be2 Na6 9. h4 {It's not as agressive as it looks, only if Black allows h5 it becomes a kind of tactical and offensive approach, in general it's more a positional move to play g5 after h5 and get d2-0-0-0 faster.} h5 (9... c6 10. h5 cxd5 11. cxd5 Nc5 12. Be3 Qb6 {It was played in Lutz-Gelfand, Horgen 1994. Gelfand won this game. Lutz never castled and tried a f1-d2 plan, which is going nowhere as after c4 Black may just go back to c7 threatening ...b5 later on. The Computer suggests to change directions here and go for 0-0 h6-d2 and playing on the queenside. Claims White is better but it's far from obvious for a practical game.} 13. O-O Bd7 14. h6 Bh8 15. Qd2 a4 16. f3 Rfc8 {with mutual chances!}) 10. Bg5 Qe8 (10... Nc5 $6 11. Bxh5 gxh5 12. Nxh5 Ncd7 {To be honest I didn't even consider this. Too beautiful.} 13. Nxg7 Kxg7 14. f4 $36) 11. Qd2 Nc5 (11... Nh7 $5 12. Be3 Qe7 (12... f5 $2 13. exf5 gxf5 14. Bxh5 Qd7 15. f4 {and there is no way to have counterplay here, White is too solid}) 13. Nf1 f5 14. exf5 gxf5 15. Bg5 Nxg5 16. Qxg5 Qxg5 17. hxg5 a4 {and I am sure Black has strong compensation for the pawn on the h-file.}) 12. O-O-O (12. Nb5 {Computer's suggestion that I saw during the game, as if the queen goes to d8 there are some xh5 in the air. Black can just defend the pawn with some ...d7 or other move. But...} Ncxe4 13. Nxe4 Nxe4 14. Qe3 Nxg5 15. Nxc7 Qa4 16. Nxa8 Qb4+ 17. Qd2 Qxd2+ 18. Kxd2 Ne4+ 19. Ke1 Nc5 $44 {and I would prefer to play with Black here.}) (12. f3 {is probably the most natural instead of 0-0-0, not to allow ...g4 move.} Nh7 $5 13. Be3 b6 14. Bd3 f5 $132) 12... Ng4 $1 {Important move, now White has to change his e2-bishop for the knight.} 13. Bxg4 (13. Rdf1 f6 {and White will eventually play xg4 anyway. Even though after xg4 for White here, Black has ...fxg5!? besides taking on g4 with the c8-bishop.}) (13. Qe1 f6 14. Bd2 Bh6 {is quite OK for Black.}) 13... Bxg4 14. f3 (14. Rdf1 Bd7 {and the rook is far from defending its monarch! ...b5 is coming!}) 14... Bd7 15. Be3 b6 (15... b5 16. cxb5 Bxb5 17. Bxc5 dxc5 18. Nf1 {I didnt like this position that much, g4 is coming somewhere and I am not sure how to organize direct threats on the b-line.}) 16. Kb1 Kh7 (16... f5 {was already possible here, I wanted to wait for ge2 first as it looked to me that White doesn't have any improving ideas} 17. exf5 gxf5) 17. Qc2 $146 ({RR} 17. Rhf1 a4 18. f4 exf4 19. Rxf4 Be5 20. Bd4 Nd3 21. Bxe5 dxe5 22. Rf6 Nf4 23. Rf1 Qe7 24. R1xf4 exf4 25. Qxf4 Bg4 26. a3 Kg7 27. Rc6 Rac8 28. Nb5 Bd7 29. Nd4 f6 30. Re6 Bxe6 31. Nxe6+ Kh7 {Pulvett Marin,D (2455)-Mai,A (2033) Sanxenxo 2018 ½-½ (49)}) 17... a4 (17... Bh6 {this is ok, but I didn't want to allow any xc5-a4 ideas} 18. Bxc5 bxc5 19. a4 {and even though I was sure that Black is ok, I didn't like to allow a4-b5 here with pressure on a5 later on.}) 18. Nge2 f5 19. exf5 gxf5 (19... Bxf5 {I thought it's about equal and gxf5 is more fighting} 20. Ne4 Nxe4 21. fxe4 Bg4 22. Rdf1 a3 {Black is even slightly better here, but draw is the most normal outcome.}) 20. Rh3 {The rook looks a bit naive on this square with f3-e3 standing, nevertheless the threat is clear g3-g5, sometimes with ideas of eleminating the g7-bishop.} Kh8 $1 {Fighting against the g3-move, ...f4 is threatening now with ...f5 idea, White had to do something, otherwise hh1 is the only option.} 21. f4 {The most logical reaction, playing hh1 looked awful, now the rook is heading to g5 again after g3 if Black is not taking measures!} Ne4 $5 {Good move, preventing g3, now ...g6 is coming next and the bad position of White's pieces starts to tell, but including ...a3 was even better.} (21... a3 $1 22. b3 Ne4 {All the ensuing complications like in the game, are better with the a3-pawn creating new threats to White's king.}) 22. Nxe4 {Carlsen is not going to passively wait here, he prepares an exchange sacrifice with great complications where Black's weak king may become an important factor as I was already running short on time.} (22. Rf3 a3 23. b3 Qg6 24. g3 {was possible to try some kind of fortress, even though Black may slighly improve the position of his pieces and it's not sure what White wil do next.}) 22... fxe4 23. Rg3 Bg4 24. Rxg4 $8 hxg4 25. f5 Rxf5 26. Ng3 Rf8 27. Qxe4 {White has blocked all the center, h5-h6 is coming, I considered ...f4 somewhere to open up the g7-bishop, but it didn't seem to offer winning chances.} Qd7 (27... a3 {This is always good, there was no need to wait with this move, mating ideas are always there around White's king after a3.} 28. b3 Rf7 $1 {I have tried to figure out how to bring my queen to h7, I was mostly considering f7-f6 or f7-g8-h7, but this neat way is also very nice especially having ...a3 already played!} 29. Qxg4 Qg8 30. Ne4 Qh7 {Now ...f4 is in the air, Black is just winning.} 31. Re1 (31. Kc1 Rf4 $3 32. Bxf4 Qxe4 33. Qh5+ Kg8 34. Bg5 Rf8 $19) 31... Bf6 $19 {and when the a-rook joins the party, White is helpless.}) 28. a3 {White is trying to hide his king on a2 and profit from Black's king position with h5-h6.} (28. h5 a3 {then ...f6, we saw it above.}) 28... b5 $1 {Very strong move, Magnus said on the press conference that he thought that the compensation is very strong for White, but after this move the position started to be really shaky for White.} 29. c5 (29. cxb5 Qxb5 30. Qg6 Rab8 31. Rd2 e4 32. Qh5+ Kg8 33. Qg6 Rf6 {and bf8 or ...b3, White's king is too weak now!}) 29... dxc5 $1 {Two very important moves starting from b5!, now lines are open for Black's rooks and they developing a strong play against White's king.} 30. h5 c4 (30... Ra6 {I thought about this, but ...c4 looks much stronger to me now too after checking it back home.}) 31. h6 (31. Ka2 {This was interesting, finally revealing the idea of a3!, but White is still in trouble after} Rae8 32. h6 Bf6 {even though White have had to choose this option, his position falls apart anyway as ...h7 and ...c3 is a real threat.} 33. Nh5 Qh7 34. Qxg4 c3 35. Bc1 Qg8 $17) 31... Bf6 32. Bc5 Rf7 (32... Qh7 $6 {Trying to release the tension and White's pressure on Black's king wouldn't work due to} 33. Bxf8 Qxe4+ 34. Nxe4 Rxf8 35. Rf1 $11) 33. Rf1 (33. Nh5 Rg8 $19) 33... Re8 $1 {This simple move is very important, otherwise h5 could be really dangerous, e5 is protected and Black can regroup with g5-f4 or d8.} 34. Bb4 {There is no good advice for White here, the position is already lost.} (34. Qg6 Qxd5 35. Rxf6 Qd1+ 36. Ka2 Qb3+ 37. Kb1 c3 $3 {It wins according to the computer, but I didn't see the exact path after} (37... Rd8 38. Rd6 Rdf8 {I saw only this idea} 39. Rf6 c3 40. Rf2 Qd1+ 41. Ka2 cxb2 {and Black is winning}) 38. Rf2 Rd8 (38... Qd1+ 39. Ka2 b4 $3 {This is even simplier according to the engine. As now if the bishop takes on b4, White is unable to defend against ...d8 with e3-c1!} (39... cxb2 $4 40. Rxb2 Qd5+ 41. Ka1 $11 {and compared to the line with df8, the rook on f7 is hanging}) 40. Bxb4 Qb3+ 41. Kb1 Rd8 $19) 39. Be3 Rd1+ 40. Bc1 b4 $19) 34... Bg5 {I had around 1 minute here, but I was able to calculate all of my next moves and Magnus's ideas. ...c6 is a very important finesse.} 35. Nf5 {Otherwise Black plays f4 anyway.} c6 $1 {Killing move,black is completely winning} (35... Bf4 36. Nh4 {and things are very complicated again!}) 36. Bd6 (36. d6 Ref8 $19 {the diagonal a3-f8 is blocked, Black is a rook up now.}) 36... Bf4 37. Ng7 (37. Rxf4 exf4 38. Be5+ Rxe5 39. Qxe5+ Kh7 40. Nd6 cxd5 $19) 37... Qxd6 38. Nxe8 Qxd5 {Everything is forced here.} 39. Qxd5 cxd5 40. g3 Kh7 $1 {My first intention having few seconds, was to play ...e7 here, which was also good, but ...h7 seemed to be a more clear cut win.} (40... Re7 41. Nf6 {with few more tricks in the air as after} Bxh6 42. Rh1 (42. Nxd5 Rd7 {and I wasn't sure if it's that easy to win as b5 is too weak, even though Black is objectively winning here too}) 42... Kg7 43. Rxh6 Re6 $1 {You have to see this move from far.}) 41. gxf4 (41. Nd6 Rd7 42. Nxb5 Bxg3 {Black has too many pawns, the d-pawn is promoted very fast.}) 41... exf4 42. Nd6 {Otherwise pawns are going forward without any obstacles.} Rf6 43. Nxb5 {It took me some time here, to understand which pawn push is better, finally it seems to make no real difference, which pawn moves leading to a win.} f3 (43... g3 44. Nd4 Kxh6 45. Kc2 Kh5 46. Nf3 Kg4 47. Ne5+ Kh3 $19) 44. Nd4 Kxh6 (44... Rf4 45. Ne6 Re4 $2 46. Ng5+ Kxh6 47. Nxf3 gxf3 48. Rxf3 {and I don't see how Black can win this endgame.} Kg5 49. Rf8 d4 50. Kc1 d3 51. Kd1 Re2 52. Rg8+ $11) 45. Kc2 Kg5 {The king helps to march with f- and g-pawns, White can do nothing here.} 46. Kd2 f2 47. Ne2 Rf3 48. Kc2 Kh4 49. Rh1+ (49. Nd4 Rf6 $19) 49... Rh3 50. Rf1 g3 51. Kd2 Kg4 {Carlsen resigned as the black king comes to f3 and g2. I am happy about my play in the zeitnot part and in the middlegame around move 30-40 in time scramble I was able to find all the best moves. I hope that this tournament becomes traditional and I'm very thankful to both players and organisers for the perfect tournament.} 0-1